LEADER 01865nam0 2200445 i 450 001 VAN00030095 005 20260205024144.944 010 $a978-14-612-6869-7 100 $a20041210d1997 |0itac50 ba 101 $aeng 102 $aUS 105 $a|||| ||||| 181 $ai$b e 182 $an 183 $anc 200 1 $aˆAn ‰introduction to knot theory$fW. B. Raymond Lickorish 210 $aNew York [etc.]$cSpringer$d1997 215 $ax, 201 p.$cill.$d25 cm 410 1$1001VAN00023579$12001 $aGraduate texts in mathematics$1210 $aNew York [etc.]$cSpringer$d1950-$v175 500 1$3VAN00302183$aˆAn ‰introduction to knot theory$983384 606 $a57-XX$xManifolds and cell complexes [MSC 2020]$3VANC019671$2MF 606 $a57K10$xKnot theory [MSC 2020]$3VANC025028$2MF 610 $aKnot theory$9KW:K 610 $aManifolds$9KW:K 610 $aQuantum invariants$9KW:K 610 $aTopology$9KW:K 620 $aUS$dNew York$3VANL000011 620 $aGB$dLondon$3VANL000015 700 1$aLickorish$bW. B. Raymond$3VANV024892$061928 712 $aSpringer $3VANV108073$4650 790 1$aLickorish, William Bernard Raymond$zLickorish, W. B. Raymond$3VANV256314 790 1$aLickorish, W. B. R.$zLickorish, W. B. Raymond$3VANV256315 790 1$aLickorish, W.B.R.$zLickorish, W. B. Raymond$3VANV256316 801 $aIT$bSOL$c20260206$gRICA 856 4 $u/sebina/repository/catalogazione/documenti/Lickorish - An introduction to Knot theory.pdf$zContents 899 $aBIBLIOTECA DEL DIPARTIMENTO DI MATEMATICA E FISICA$1IT-CE0120$2VAN08 912 $aVAN00030095 950 $aBIBLIOTECA DEL DIPARTIMENTO DI MATEMATICA E FISICA$d08PREST 57-XX 2431 $e08 5083 I 20041210 996 $aIntroduction to knot theory$983384 997 $aUNICAMPANIA